000 00770nam a2200265Ia 4500
003 OSt
005 20220924124621.0
006 a|||||r|||| 00| 0
007 ta
008 220923b |||||||| |||| 00| 0 urd d
020 _a8172018599 (hbk)
020 _c150
024 _a282902
037 _b4310, 19/11/2014, Kitabi Duniya
_cTextual
040 _aARTS
_cARTS
_burd
041 _2urd
_aurd
082 _aO168,3N21x, N5
100 _aNarang Gopi Chand
245 0 _aBalwant Singh ke behatrin afsane
260 _aNew Delhi
_b Sahitya Akademi India
_c1995
300 _a380p.
_ccm.
650 _aURDU LITERATURE
942 _hO168,3N21x, N5
_cTEXL
_2CC
999 _c420239
_d420239